Areál študentského internátu a komunitného centra Varšava – Praga

Guardado en:
Detalles Bibliográficos
Autor principal: Baloghová, Cindy (Autor)
Otros Autores: Paňák, Pavel (Orientador)
Formato: Manuscrito Libro
Lenguaje:eslovaco
Publicado: 2022
Materias:
Acceso en línea:http://is.stuba.sk/zp/portal_zp.pl?podrobnosti=164903
https://opac.crzp.sk/?fn=detailBiblioForm&sid=D9F0BB0A8DA9926981A092D31B33
Etiquetas: Agregar Etiqueta
Sin Etiquetas, Sea el primero en etiquetar este registro!

MARC

LEADER 00000ntm a22000003a 4500
001 stuzp89453
003 SK-STU
005 20230424103401.1
007 ta
008 150427s2015----xo-----f-mn---000-0-slo-d
040 |a STU  |b slo 
041 0 |a slo 
100 1 |a Baloghová, Cindy  |u 010310  |4 aut  |U SvF Stavebná fakulta  |T SvF Katedra architektúry  |X 82837  |U V181|V310  |Y 19  |7 82837 
242 0 1 |a Campus of the student dormitory and community center Warsaw - Praga  |y eng 
245 1 0 |a Areál študentského internátu a komunitného centra Varšava – Praga 
260 |c 2022 
650 4 |a pamiatkový objekt  |2 slo 
650 4 |a industriálna architektúra  |2 slo 
650 4 |a komunitné centrum  |2 slo 
650 4 |a multifunkčný priestor  |2 slo 
650 4 |a community center  |2 eng 
650 4 |a listed building  |2 eng 
650 4 |a industrial architecture  |2 eng 
650 4 |a multifunctional space  |2 eng 
700 1 |a Paňák, Pavel  |u 051110  |k Z1  |4 ths  |U FAD Fakulta architektúry a dizajnu  |T FAD Ústav architektúry obytných budov  |X 70322  |U A1110  |Y 392  |7 A000070322 
856 4 |u http://is.stuba.sk/zp/portal_zp.pl?podrobnosti=164903 
856 4 |u https://opac.crzp.sk/?fn=detailBiblioForm&sid=D9F0BB0A8DA9926981A092D31B33